|
|
|
|
| LEADER |
00000cam a2200000 c 4500 |
| 001 |
241624169 |
| 003 |
DE-627 |
| 005 |
20251222210539.0 |
| 007 |
tu |
| 008 |
980319s1998 xxu||||| 00| ||eng c |
| 010 |
|
|
|a 98006045
|
| 020 |
|
|
|a 0788504436
|c (alk. paper)
|9 0-7885-0443-6
|
| 035 |
|
|
|a (DE-627)241624169
|
| 035 |
|
|
|a (DE-576)068570260
|
| 035 |
|
|
|a (DE-599)GBV241624169
|
| 035 |
|
|
|a (OCoLC)231764827
|
| 035 |
|
|
|a (OCoLC)38535904
|
| 040 |
|
|
|a DE-627
|b ger
|c DE-627
|e rakwb
|
| 041 |
|
|
|a eng
|
| 044 |
|
|
|c XD-US
|
| 050 |
|
0 |
|a PJ4659
|
| 050 |
|
0 |
|a PJ4659.Z48 1998
|
| 082 |
0 |
|
|a 492.4/5
|q LOC
|2 21
|
| 084 |
|
|
|a 6,23
|2 ssgn
|
| 084 |
|
|
|a 1
|2 ssgn
|
| 084 |
|
|
|a 18.75
|2 bkl
|
| 084 |
|
|
|a 17.55
|2 bkl
|
| 100 |
1 |
|
|0 (DE-588)123425891
|0 (DE-627)082548668
|0 (DE-576)163664757
|4 aut
|a Zevit, Ziony
|d 1942-
|
| 109 |
|
|
|a Zevit, Ziony 1942-
|a Zeviṭ, Tsiony 1942-
|
| 191 |
|
|
|a 1
|
| 245 |
1 |
4 |
|a The anterior construction in classical Hebrew
|c Ziony Zevit
|
| 264 |
|
1 |
|a Atlanta, Ga.
|b Scholars Press
|c 1998
|
| 300 |
|
|
|a 94 S
|
| 336 |
|
|
|a Text
|b txt
|2 rdacontent
|
| 337 |
|
|
|a ohne Hilfsmittel zu benutzen
|b n
|2 rdamedia
|
| 338 |
|
|
|a Band
|b nc
|2 rdacarrier
|
| 490 |
1 |
|
|a Monograph series / The Society of Biblical Literature
|v 50
|
| 500 |
|
|
|a Includes bibliographical references (p. [73]-82) and indexes
|
| 630 |
2 |
0 |
|a Bible
|p Old Testament
|x Language, style
|
| 630 |
0 |
0 |
|a Bible
|x O.T
|x Language, style
|
| 650 |
|
0 |
|a Hebrew language
|x Tense
|
| 650 |
|
0 |
|a Hebrew language
|x Tense
|
| 650 |
|
0 |
|a Narration in the Bible
|
| 650 |
0 |
7 |
|0 (DE-588)4023922-6
|0 (DE-627)106301276
|0 (DE-576)208952055
|a Hebräisch
|2 gnd
|
| 650 |
0 |
7 |
|0 (DE-588)4152975-3
|0 (DE-627)105534315
|0 (DE-576)209799781
|a Erzähltheorie
|2 gnd
|
| 689 |
0 |
0 |
|d s
|0 (DE-588)4023922-6
|0 (DE-627)106301276
|0 (DE-576)208952055
|2 gnd
|a Hebräisch
|
| 689 |
0 |
1 |
|d s
|0 (DE-588)4021806-5
|0 (DE-627)106312081
|0 (DE-576)208940081
|2 gnd
|a Grammatik
|
| 689 |
0 |
|
|5 (DE-627)
|
| 689 |
1 |
0 |
|d s
|0 (DE-588)4023922-6
|0 (DE-627)106301276
|0 (DE-576)208952055
|2 gnd
|a Hebräisch
|
| 689 |
1 |
1 |
|d s
|0 (DE-588)4021806-5
|0 (DE-627)106312081
|0 (DE-576)208940081
|2 gnd
|a Grammatik
|
| 689 |
1 |
|
|5 (DE-627)
|
| 787 |
0 |
8 |
|i Rezensiert in
|a Fassberg, Steven E.
|t [Rezension von: Zevit, Ziony, The Anterior Construction in Classical Hebrew]
|d 2000
|w (DE-627)1802090436
|
| 787 |
0 |
8 |
|i Rezension
|a Segert, Stanislav
|t , in: ArOr
|g 67 (1999) 411-413
|
| 787 |
0 |
8 |
|i Rezension
|a Verheij, Arian
|t , in: BiOr
|g 56 (1999) 699-701
|
| 787 |
0 |
8 |
|i Rezension
|a Greenspahn, Frederick E.
|t , in: CBQ
|g 62 (2000) 135-136
|
| 787 |
0 |
8 |
|i Rezension
|a Van der Merwe, Christo
|t , in: JNSL
|g 25/1 (1999) 304-305
|
| 810 |
2 |
|
|a Society of Biblical Literature
|t Monograph series / Society of Biblical Literature
|v 50
|9 50
|w (DE-627)16643230X
|w (DE-576)014793326
|w (DE-600)189197-2
|x 0145-269X
|7 am
|
| 889 |
|
|
|w (DE-576)520093690
|
| 889 |
|
|
|w (DE-627)1590093690
|
| 935 |
|
|
|a mteo
|a BIIN
|
| 935 |
|
|
|i mdedup
|
| 935 |
|
|
|i Blocktest
|
| 936 |
b |
k |
|a 18.75
|j Hebräische Sprache und Literatur
|0 (DE-627)106417886
|
| 936 |
b |
k |
|a 17.55
|j Morphologie
|j Wortbildung
|0 (DE-627)106404962
|
| 951 |
|
|
|a BO
|
| BIB |
|
|
|a 1
|
| ELC |
|
|
|b 1
|
| ITA |
|
|
|a 1
|
| LOK |
|
|
|0 000 xxxxxcx a22 zn 4500
|
| LOK |
|
|
|0 001 3267818419
|
| LOK |
|
|
|0 003 DE-627
|
| LOK |
|
|
|0 004 241624169
|
| LOK |
|
|
|0 005 20100408175703
|
| LOK |
|
|
|0 008 000918||||||||||||||||ger|||||||
|
| LOK |
|
|
|0 040
|a DE-21-35
|c DE-627
|d DE-21-35
|
| LOK |
|
|
|0 541
|e 00/1688
|
| LOK |
|
|
|0 852
|a DE-21-35
|
| LOK |
|
|
|0 852 1
|c Ho 21.71
|m p
|9 00
|
| LOK |
|
|
|0 852 2
|b Handapparat AT
|9 00
|
| LOK |
|
|
|0 938
|k p
|
| LOK |
|
|
|0 939
|a 18-09-00
|b l01
|
| LOK |
|
|
|0 000 xxxxxcx a22 zn 4500
|
| LOK |
|
|
|0 001 3060444145
|
| LOK |
|
|
|0 003 DE-627
|
| LOK |
|
|
|0 004 241624169
|
| LOK |
|
|
|0 005 20190311235146
|
| LOK |
|
|
|0 008 190311||||||||||||||||ger|||||||
|
| LOK |
|
|
|0 035
|a (DE-Tue135-1)99510
|
| LOK |
|
|
|0 040
|a DE-Tue135-1
|c DE-627
|d DE-Tue135-1
|
| LOK |
|
|
|0 852
|a DE-Tue135-1
|
| LOK |
|
|
|0 852 1
|c FTHAT040513
|m p
|9 00
|
| LOK |
|
|
|0 852 2
|b H 6
|9 00
|
| LOK |
|
|
|0 935
|a iMON
|
| LOK |
|
|
|0 938
|k p
|
| LOK |
|
|
|0 939
|a 11-03-19
|b l12
|
| ORI |
|
|
|a SA-MARC-ixtheoa001.raw
|
| REL |
|
|
|a 1
|
| STA |
0 |
0 |
|a Grammar,Grammar, Comparative and general,Grammar,Hebrew language,Old Hebrew language,Old Testament Hebrew language,Narrative theory,Narratology,Narration (Rhetoric)
|
| STB |
0 |
0 |
|a Grammaire,Hébreu,Narratologie,Narration
|
| STC |
0 |
0 |
|a Gramática,Hebreo,Narratología
|
| STD |
0 |
0 |
|a Ebraico,Grammatica,Narratologia
|
| STE |
0 |
0 |
|a 叙事理论,叙事学,希伯来语,希伯来文,语法
|
| STF |
0 |
0 |
|a 希伯來語,希伯來文,敍事理論,敍事學,語法
|
| STG |
0 |
0 |
|a Gramática,Hebraico,Narratologia
|
| STH |
0 |
0 |
|a Грамматика,Иврит,Теория рассказа
|
| STI |
0 |
0 |
|a Αφηγηματολογία,Γραμματική,Εβραϊκή γλώσσα
|
| SUB |
|
|
|a BIB
|a REL
|
| SYE |
0 |
0 |
|a Althebräisch,Biblisches Hebräisch,Bibelhebräisch,Alttestamentliches Hebräisch,Klassisches Hebräisch,Biblisch-hebräisch , Narratologie
|
| SYG |
0 |
0 |
|a Althebräisch,Biblisches Hebräisch,Bibelhebräisch,Alttestamentliches Hebräisch,Klassisches Hebräisch,Biblisch-hebräisch , Althebräisch,Biblisches Hebräisch,Bibelhebräisch,Alttestamentliches Hebräisch,Klassisches Hebräisch,Biblisch-hebräisch
|